000 00250nam a22001217a 4500
008 171102b xxu||||| |||| 00| 0 eng d
041 _aeng
080 _a339.138
100 _a60
101 _aMAR
245 _aMARKETING
_cLAMB.H
942 _2udc
_cBK
999 _c37344
_d37344